Match the English word with the Spanish word - Statistics

General Stats
  • This quiz has been taken 73 times
    32 since last reset
  • The average score is 17 of 19
Answer Stats
Hint Answer % Correct
December Diciembre
96%
Spanish Espanol
96%
French Frances
96%
English Ingles
96%
No No
96%
French Fries Papas Fritas
96%
Pizza Pizza
96%
Yes Si
96%
Ice Cream Helado o Mantecado
92%
Bathroom Bano
88%
Money Dinero
88%
Apple Manzana
85%
Pumpkin Calabaza
81%
House Casa
81%
Book Libro
81%
January Enero
77%
Dog Perro
77%
Pencil Lapiz
73%
Tree Arbol
62%
No matching quizzes found
Score Distribution
Percent of People with Each Score
Percentile by Number Answered
Your Score History
You have not taken this quiz since the last reset